[Event "DVM U16 2023"]
[Site "Magdeburg GER"]
[Date "2023.12.28"]
[Round "4"]
[White "Barembruch, Bruno"]
[Black "Kliffken, Julian"]
[Result "0-1"]
[Termination "normal"]
[Board "7.4"]
[WhiteElo "1660"]
[BlackElo "1468"]
[WhiteClock "00:55:39"]
[BlackClock "00:30:43"]
[WhiteTeam "SK Johanneum Eppendorf"]
[BlackTeam "SG Porz"]
[PlyCount "64"]
[WhiteFideId "34639411"]
[BlackFideId "16298071"]
[EventCountry "GER"]
[EventRounds "7"]
[EventType "team-swiss"]
[EventDate "2023.12.26"]

1. Nf3 {[%clk 01:30:53]} {[%emt 00:00:06]} d5 {[%clk 01:30:51]} {[%emt
00:00:10]} 2. g3 {[%clk 01:31:04]} {[%emt 00:00:19]} c5 {[%clk 01:31:08]}
{[%emt 00:00:11]} 3. Bg2 {[%clk 01:31:22]} {[%emt 00:00:13]} Nf6 {[%clk
01:31:20]} {[%emt 00:00:18]} 4. O-O {[%clk 01:31:41]} {[%emt 00:00:12]} Nc6
{[%clk 01:30:41]} {[%emt 00:01:09]} 5. d4 {[%clk 01:31:43]} {[%emt 00:00:27]}
e6 {[%clk 01:29:56]} {[%emt 00:01:15]} 6. dxc5 {[%clk 01:25:22]} {[%emt
00:06:52]} Bxc5 {[%clk 01:29:51]} {[%emt 00:00:36]} 7. c4 {[%clk 01:25:42]}
{[%emt 00:00:10]} O-O {[%clk 01:25:34]} {[%emt 00:04:45]} 8. Qc2 {[%clk
01:25:31]} {[%emt 00:00:41]} Nb4 {[%clk 01:19:58]} {[%emt 00:06:06]} 9. Qb3
{[%clk 01:24:14]} {[%emt 00:01:48]} a5 {[%clk 01:17:00]} {[%emt 00:03:28]} 10.
a3 {[%clk 01:23:22]} {[%emt 00:01:21]} a4 {[%clk 01:16:18]} {[%emt 00:01:13]}
11. Qd1 {[%clk 01:23:41]} {[%emt 00:00:10]} Nc6 {[%clk 01:15:59]} {[%emt
00:00:50]} 12. Qc2 {[%clk 01:23:50]} {[%emt 00:00:21]} d4 {[%clk 01:14:28]}
{[%emt 00:02:00]} 13. Rd1 {[%clk 01:23:28]} {[%emt 00:00:51]} Qb6 {[%clk
01:12:00]} {[%emt 00:02:58]} 14. Ne1 {[%clk 01:21:28]} {[%emt 00:02:30]} e5
{[%clk 01:10:42]} {[%emt 00:01:48]} 15. Nd2 {[%clk 01:20:49]} {[%emt 00:01:08]}
d3 {[%clk 01:04:09]} {[%emt 00:07:05]} 16. Nxd3 {[%clk 01:21:04]} {[%emt
00:00:15]} Nd4 {[%clk 01:04:02]} {[%emt 00:00:37]} 17. Qb1 {[%clk 01:20:51]}
{[%emt 00:00:43]} Nxe2+ {[%clk 01:03:43]} {[%emt 00:00:51]} 18. Kf1 {[%clk
01:21:16]} {[%emt 00:00:04]} Nxc1 {[%clk 00:56:18]} {[%emt 00:07:55]} 19. Qxc1
{[%clk 01:19:34]} {[%emt 00:02:12]} Bd4 {[%clk 00:53:13]} {[%emt 00:03:35]} 20.
Nf3 {[%clk 01:15:09]} {[%emt 00:04:55]} Bg4 {[%clk 00:51:00]} {[%emt 00:02:42]}
21. Re1 {[%clk 01:14:38]} {[%emt 00:01:03]} e4 {[%clk 00:41:41]} {[%emt
00:09:49]} 22. Nxd4 {[%clk 01:14:48]} {[%emt 00:00:19]} exd3 {[%clk 00:40:22]}
{[%emt 00:01:49]} 23. Nf3 {[%clk 01:02:26]} {[%emt 00:12:52]} Rfe8 {[%clk
00:38:48]} {[%emt 00:02:04]} 24. c5 {[%clk 00:59:47]} {[%emt 00:03:10]} Rxe1+
{[%clk 00:35:07]} {[%emt 00:04:11]} 25. Nxe1 {[%clk 00:59:54]} {[%emt
00:00:22]} Be2+ {[%clk 00:35:04]} {[%emt 00:00:32]} 26. Kg1 {[%clk 01:00:23]}
{[%emt 00:00:02]} Qa5 {[%clk 00:34:35]} {[%emt 00:01:00]} 27. Nxd3 {[%clk
00:56:49]} {[%emt 00:04:04]} Bxd3 {[%clk 00:34:44]} {[%emt 00:00:21]} 28. Bxb7
{[%clk 00:57:13]} {[%emt 00:00:05]} Re8 {[%clk 00:33:38]} {[%emt 00:01:36]} 29.
c6 {[%clk 00:56:27]} {[%emt 00:01:16]} Be4 {[%clk 00:32:57]} {[%emt 00:01:11]}
30. Qf4 {[%clk 00:55:57]} {[%emt 00:00:58]} Nd5 {[%clk 00:30:53]} {[%emt
00:02:35]} 31. Qg5 {[%clk 00:55:58]} {[%emt 00:00:29]} Bf3 {[%clk 00:30:35]}
{[%emt 00:00:49]} 32. Rc1 {[%clk 00:55:39]} {[%emt 00:00:48]} Re1+ {[%clk
00:30:43]} {[%emt 00:00:22]} 0-1

[Event "DVM U16 2023"]
[Site "Magdeburg GER"]
[Date "2023.12.28"]
[Round "4"]
[White "Gold, Jan Christian"]
[Black "Winkler, Yonathan"]
[Result "1-0"]
[Termination "normal"]
[Board "8.1"]
[WhiteElo "1932"]
[BlackElo "1972"]
[WhiteClock "00:06:05"]
[BlackClock "00:19:21"]
[WhiteTeam "SK Bad Homburg 1927"]
[BlackTeam "Bielefelder SK 1883"]
[PlyCount "145"]
[WhiteFideId "16298128"]
[BlackFideId "16266080"]
[EventCountry "GER"]
[EventRounds "7"]
[EventType "team-swiss"]
[EventDate "2023.12.26"]

1. d4 {[%clk 01:30:31]} {[%emt 00:00:28]} d5 {[%clk 01:30:55]} {[%emt
00:00:06]} 2. c4 {[%clk 01:28:00]} {[%emt 00:03:01]} c6 {[%clk 01:31:17]}
{[%emt 00:00:07]} 3. Nf3 {[%clk 01:27:49]} {[%emt 00:00:42]} Nf6 {[%clk
01:31:35]} {[%emt 00:00:10]} 4. g3 {[%clk 01:28:01]} {[%emt 00:00:20]} Bg4
{[%clk 01:31:54]} {[%emt 00:00:10]} 5. Ne5 {[%clk 01:27:43]} {[%emt 00:00:48]}
Bf5 {[%clk 01:32:11]} {[%emt 00:00:13]} 6. Qb3 {[%clk 01:27:48]} {[%emt
00:00:26]} Qb6 {[%clk 01:31:02]} {[%emt 00:01:38]} 7. cxd5 {[%clk 01:26:50]}
{[%emt 00:01:28]} Nxd5 {[%clk 01:28:34]} {[%emt 00:02:58]} 8. Bg2 {[%clk
01:25:16]} {[%emt 00:02:09]} Qxb3 {[%clk 01:27:46]} {[%emt 00:01:14]} 9. axb3
{[%clk 01:25:42]} {[%emt 00:00:04]} Nb4 {[%clk 01:27:42]} {[%emt 00:00:33]} 10.
Na3 {[%clk 01:24:18]} {[%emt 00:01:55]} e6 {[%clk 01:17:09]} {[%emt 00:11:03]}
11. e4 {[%clk 01:20:36]} {[%emt 00:04:12]} Bg6 {[%clk 01:17:33]} {[%emt
00:00:06]} 12. h4 {[%clk 01:20:44]} {[%emt 00:00:23]} f6 {[%clk 01:16:18]}
{[%emt 00:01:43]} 13. Nxg6 {[%clk 01:13:29]} {[%emt 00:07:46]} hxg6 {[%clk
01:16:38]} {[%emt 00:00:10]} 14. O-O {[%clk 01:13:47]} {[%emt 00:00:11]} Nd7
{[%clk 01:14:21]} {[%emt 00:02:46]} 15. Rd1 {[%clk 01:11:46]} {[%emt 00:02:32]}
Kf7 {[%clk 01:05:37]} {[%emt 00:09:14]} 16. Bf4 {[%clk 01:11:47]} {[%emt
00:00:31]} Be7 {[%clk 01:03:25]} {[%emt 00:02:41]} 17. Nc4 {[%clk 01:08:40]}
{[%emt 00:03:36]} Rhd8 {[%clk 00:58:15]} {[%emt 00:05:40]} 18. Bc7 {[%clk
00:51:52]} {[%emt 00:17:18]} Rdc8 {[%clk 00:57:00]} {[%emt 00:01:45]} 19. Nd6+
{[%clk 00:45:26]} {[%emt 00:06:57]} Bxd6 {[%clk 00:57:13]} {[%emt 00:00:16]}
20. Bxd6 {[%clk 00:45:52]} {[%emt 00:00:03]} a5 {[%clk 00:55:26]} {[%emt
00:02:18]} 21. d5 {[%clk 00:44:05]} {[%emt 00:02:17]} cxd5 {[%clk 00:42:46]}
{[%emt 00:13:10]} 22. exd5 {[%clk 00:41:16]} {[%emt 00:03:20]} Nxd5 {[%clk
00:42:12]} {[%emt 00:01:03]} 23. Rxd5 {[%clk 00:41:11]} {[%emt 00:00:35]} exd5
{[%clk 00:42:04]} {[%emt 00:00:38]} 24. Bxd5+ {[%clk 00:41:33]} {[%emt
00:00:08]} Ke8 {[%clk 00:42:29]} {[%emt 00:00:06]} 25. Bxb7 {[%clk 00:38:05]}
{[%emt 00:03:58]} Rcb8 {[%clk 00:38:19]} {[%emt 00:04:39]} 26. Bxa8 {[%clk
00:14:32]} {[%emt 00:24:03]} Rxa8 {[%clk 00:38:42]} {[%emt 00:00:06]} 27. Bb4
{[%clk 00:14:04]} {[%emt 00:00:59]} Rb8 {[%clk 00:39:06]} {[%emt 00:00:06]} 28.
Re1+ {[%clk 00:14:28]} {[%emt 00:00:06]} Kf7 {[%clk 00:36:44]} {[%emt
00:02:52]} 29. Re7+ {[%clk 00:11:28]} {[%emt 00:03:31]} Kg8 {[%clk 00:37:07]}
{[%emt 00:00:06]} 30. Bxa5 {[%clk 00:11:07]} {[%emt 00:00:52]} Ne5 {[%clk
00:36:28]} {[%emt 00:01:08]} 31. Bc3 {[%clk 00:06:21]} {[%emt 00:05:16]} Rxb3
{[%clk 00:35:59]} {[%emt 00:00:59]} 32. Bxe5 {[%clk 00:06:33]} {[%emt
00:00:19]} fxe5 {[%clk 00:36:20]} {[%emt 00:00:08]} 33. Rxe5 {[%clk 00:06:45]}
{[%emt 00:00:18]} Rxb2 {[%clk 00:36:46]} {[%emt 00:00:04]} 34. Kg2 {[%clk
00:04:35]} {[%emt 00:02:40]} Kf7 {[%clk 00:37:09]} {[%emt 00:00:07]} 35. Rc5
{[%clk 00:03:13]} {[%emt 00:01:51]} Rb7 {[%clk 00:36:03]} {[%emt 00:01:37]} 36.
Rc6 {[%clk 00:02:27]} {[%emt 00:01:17]} Ra7 {[%clk 00:36:21]} {[%emt 00:00:12]}
37. Rb6 {[%clk 00:01:55]} {[%emt 00:01:03]} Rc7 {[%clk 00:36:32]} {[%emt
00:00:18]} 38. Kf3 {[%clk 00:01:44]} {[%emt 00:00:41]} Rd7 {[%clk 00:33:29]}
{[%emt 00:03:32]} 39. Kf4 {[%clk 00:01:02]} {[%emt 00:01:13]} Ra7 {[%clk
00:33:32]} {[%emt 00:00:25]} 40. Rd6 {[%clk 00:01:16]} {[%emt 00:00:17]} Rb7
{[%clk 00:31:16]} {[%emt 00:02:46]} 41. Ke5 {[%clk 00:20:04]} {[%emt 00:11:42]}
Re7+ {[%clk 00:59:26]} {[%emt 00:02:21]} 42. Kf4 {[%clk 00:20:14]} {[%emt
00:00:20]} Rb7 {[%clk 00:59:47]} {[%emt 00:00:06]} 43. Kg4 {[%clk 00:20:23]}
{[%emt 00:00:24]} Ra7 {[%clk 00:59:40]} {[%emt 00:00:36]} 44. Rd4 {[%clk
00:20:02]} {[%emt 00:00:52]} Rb7 {[%clk 01:00:02]} {[%emt 00:00:07]} 45. Rf4+
{[%clk 00:20:24]} {[%emt 00:00:08]} Kg8 {[%clk 01:00:22]} {[%emt 00:00:10]} 46.
Re4 {[%clk 00:17:59]} {[%emt 00:02:55]} Kf7 {[%clk 01:00:38]} {[%emt 00:00:13]}
47. f4 {[%clk 00:18:27]} {[%emt 00:00:03]} Ra7 {[%clk 01:00:52]} {[%emt
00:00:15]} 48. Kg5 {[%clk 00:18:46]} {[%emt 00:00:12]} Rb7 {[%clk 00:59:07]}
{[%emt 00:02:14]} 49. Re5 {[%clk 00:19:03]} {[%emt 00:00:14]} Ra7 {[%clk
00:57:28]} {[%emt 00:02:09]} 50. g4 {[%clk 00:18:57]} {[%emt 00:00:37]} Rb7
{[%clk 00:57:37]} {[%emt 00:00:20]} 51. Rc5 {[%clk 00:18:27]} {[%emt 00:01:00]}
Ra7 {[%clk 00:57:40]} {[%emt 00:00:27]} 52. h5 {[%clk 00:15:32]} {[%emt
00:03:26]} gxh5 {[%clk 00:57:33]} {[%emt 00:00:37]} 53. Kxh5 {[%clk 00:15:27]}
{[%emt 00:00:35]} Rb7 {[%clk 00:44:17]} {[%emt 00:13:45]} 54. f5 {[%clk
00:15:42]} {[%emt 00:00:16]} Ra7 {[%clk 00:29:37]} {[%emt 00:15:10]} 55. Rc6
{[%clk 00:12:15]} {[%emt 00:03:57]} Rb7 {[%clk 00:23:06]} {[%emt 00:07:01]} 56.
g5 {[%clk 00:11:53]} {[%emt 00:00:52]} Ra7 {[%clk 00:22:47]} {[%emt 00:00:48]}
57. Rb6 {[%clk 00:03:32]} {[%emt 00:08:51]} Rc7 {[%clk 00:22:32]} {[%emt
00:00:45]} 58. Rb8 {[%clk 00:02:56]} {[%emt 00:01:06]} Ra7 {[%clk 00:22:35]}
{[%emt 00:00:27]} 59. Rc8 {[%clk 00:03:07]} {[%emt 00:00:20]} Rb7 {[%clk
00:22:59]} {[%emt 00:00:05]} 60. g6+ {[%clk 00:02:09]} {[%emt 00:01:28]} Kf6
{[%clk 00:22:39]} {[%emt 00:00:50]} 61. Rf8+ {[%clk 00:02:14]} {[%emt
00:00:25]} Ke5 {[%clk 00:23:03]} {[%emt 00:00:06]} 62. f6 {[%clk 00:01:56]}
{[%emt 00:00:48]} gxf6 {[%clk 00:22:24]} {[%emt 00:01:10]} 63. Kh6 {[%clk
00:02:12]} {[%emt 00:00:14]} Rb1 {[%clk 00:16:55]} {[%emt 00:07:16]} 64. g7
{[%clk 00:02:32]} {[%emt 00:00:11]} Rh1+ {[%clk 00:17:17]} {[%emt 00:00:07]}
65. Kg6 {[%clk 00:03:00]} {[%emt 00:00:02]} Rg1+ {[%clk 00:17:38]} {[%emt
00:00:09]} 66. Kf7 {[%clk 00:03:25]} {[%emt 00:00:05]} f5 {[%clk 00:18:01]}
{[%emt 00:00:08]} 67. g8=Q {[%clk 00:03:50]} {[%emt 00:00:05]} Rxg8 {[%clk
00:18:24]} 68. Kxg8 {[%clk 00:04:12]} {[%emt 00:00:14]} Ke4 {[%clk 00:17:38]}
{[%emt 00:01:16]} 69. Kg7 {[%clk 00:04:29]} {[%emt 00:00:13]} f4 {[%clk
00:18:03]} {[%emt 00:00:05]} 70. Kg6 {[%clk 00:04:55]} {[%emt 00:00:04]} Ke3
{[%clk 00:18:29]} {[%emt 00:00:04]} 71. Kg5 {[%clk 00:05:19]} {[%emt 00:00:06]}
f3 {[%clk 00:18:56]} {[%emt 00:00:03]} 72. Kg4 {[%clk 00:05:43]} {[%emt
00:00:07]} f2 {[%clk 00:19:21]} {[%emt 00:00:05]} 73. Kg3 {[%clk 00:06:05]} 1-0

[Event "DVM U16 2023"]
[Site "Magdeburg GER"]
[Date "2023.12.28"]
[Round "4"]
[White "Weeke, Tom"]
[Black "von Beckh, Frieda"]
[Result "1/2-1/2"]
[Termination "normal"]
[Board "8.2"]
[WhiteElo "1330"]
[BlackElo "1656"]
[WhiteClock "00:13:05"]
[BlackClock "00:05:51"]
[WhiteTeam "Bielefelder SK 1883"]
[BlackTeam "SK Bad Homburg 1927"]
[PlyCount "169"]
[WhiteFideId "34607080"]
[BlackFideId "16233751"]
[EventCountry "GER"]
[EventRounds "7"]
[EventType "team-swiss"]
[EventDate "2023.12.26"]

1. e4 {[%clk 01:30:59]} c5 {[%clk 01:30:51]} {[%emt 00:00:10]} 2. Nf3 {[%clk
01:31:25]} {[%emt 00:00:03]} Nc6 {[%clk 01:31:18]} {[%emt 00:00:03]} 3. d4
{[%clk 01:31:52]} {[%emt 00:00:04]} cxd4 {[%clk 01:31:45]} {[%emt 00:00:03]} 4.
Nxd4 {[%clk 01:32:18]} {[%emt 00:00:04]} g6 {[%clk 01:32:11]} {[%emt 00:00:04]}
5. c4 {[%clk 01:32:45]} {[%emt 00:00:03]} Bg7 {[%clk 01:32:37]} {[%emt
00:00:03]} 6. Be3 {[%clk 01:33:12]} {[%emt 00:00:03]} Nf6 {[%clk 01:33:03]}
{[%emt 00:00:04]} 7. Nc3 {[%clk 01:33:39]} {[%emt 00:00:03]} O-O {[%clk
01:33:28]} {[%emt 00:00:04]} 8. Be2 {[%clk 01:34:04]} {[%emt 00:00:05]} d6
{[%clk 01:33:48]} {[%emt 00:00:10]} 9. f3 {[%clk 01:34:17]} {[%emt 00:00:18]}
Bd7 {[%clk 01:34:09]} {[%emt 00:00:08]} 10. O-O {[%clk 01:34:38]} {[%emt
00:00:09]} Nxd4 {[%clk 01:34:10]} {[%emt 00:00:30]} 11. Bxd4 {[%clk 01:35:02]}
{[%emt 00:00:06]} Bc6 {[%clk 01:34:35]} {[%emt 00:00:05]} 12. Qd2 {[%clk
01:33:43]} {[%emt 00:01:48]} Nd7 {[%clk 01:34:39]} {[%emt 00:00:26]} 13. Bxg7
{[%clk 01:33:38]} {[%emt 00:00:35]} Kxg7 {[%clk 01:35:02]} {[%emt 00:00:08]}
14. Rab1 {[%clk 01:33:08]} {[%emt 00:01:00]} a5 {[%clk 01:34:21]} {[%emt
00:01:10]} 15. Rfc1 {[%clk 01:30:40]} {[%emt 00:02:58]} Rc8 {[%clk 01:33:20]}
{[%emt 00:01:32]} 16. b3 {[%clk 01:28:28]} {[%emt 00:02:44]} Nc5 {[%clk
01:30:54]} {[%emt 00:02:54]} 17. Bf1 {[%clk 01:23:36]} {[%emt 00:05:21]} Qc7
{[%clk 01:24:45]} {[%emt 00:06:40]} 18. Qb2 {[%clk 01:18:24]} {[%emt 00:05:42]}
Kg8 {[%clk 01:25:04]} {[%emt 00:00:11]} 19. Rd1 {[%clk 01:17:02]} {[%emt
00:01:51]} f5 {[%clk 01:23:24]} {[%emt 00:02:10]} 20. exf5 {[%clk 01:16:29]}
{[%emt 00:01:03]} Rxf5 {[%clk 01:23:43]} {[%emt 00:00:12]} 21. Ne2 {[%clk
01:06:07]} {[%emt 00:10:50]} Ne6 {[%clk 01:18:19]} {[%emt 00:05:54]} 22. Nd4
{[%clk 01:04:41]} {[%emt 00:01:57]} Nxd4 {[%clk 01:17:30]} {[%emt 00:01:20]}
23. Rxd4 {[%clk 01:04:45]} {[%emt 00:00:25]} Rg5 {[%clk 01:16:20]} {[%emt
00:01:38]} 24. Qd2 {[%clk 01:00:33]} {[%emt 00:04:44]} Qb6 {[%clk 01:10:05]}
{[%emt 00:06:45]} 25. Kh1 {[%clk 00:59:41]} {[%emt 00:01:23]} Qc5 {[%clk
01:10:05]} {[%emt 00:00:30]} 26. Re1 {[%clk 00:56:44]} {[%emt 00:03:26]} Rf8
{[%clk 01:03:03]} {[%emt 00:07:32]} 27. Rf4 {[%clk 00:54:47]} {[%emt 00:02:27]}
Bxf3 {[%clk 00:59:44]} {[%emt 00:03:48]} 28. Rxe7 {[%clk 00:51:15]} {[%emt
00:04:03]} Bc6 {[%clk 00:55:29]} {[%emt 00:04:45]} 29. Rxf8+ {[%clk 00:48:34]}
{[%emt 00:03:11]} Kxf8 {[%clk 00:55:51]} {[%emt 00:00:08]} 30. Rxh7 {[%clk
00:48:42]} {[%emt 00:00:22]} Qf5 {[%clk 00:53:18]} {[%emt 00:03:03]} 31. Qe2
{[%clk 00:44:46]} {[%emt 00:04:26]} Kg8 {[%clk 00:47:26]} {[%emt 00:06:23]} 32.
Re7 {[%clk 00:41:30]} {[%emt 00:03:46]} Qf6 {[%clk 00:44:53]} {[%emt 00:03:00]}
33. Qe6+ {[%clk 00:40:54]} {[%emt 00:01:08]} Qxe6 {[%clk 00:45:08]} {[%emt
00:00:15]} 34. Rxe6 {[%clk 00:41:20]} {[%emt 00:00:05]} d5 {[%clk 00:44:17]}
{[%emt 00:01:20]} 35. cxd5 {[%clk 00:40:19]} {[%emt 00:01:31]} Bxd5 {[%clk
00:43:50]} {[%emt 00:00:57]} 36. Re7 {[%clk 00:39:00]} {[%emt 00:01:49]} Kf8
{[%clk 00:43:14]} {[%emt 00:01:06]} 37. Rc7 {[%clk 00:38:29]} {[%emt 00:01:03]}
Re5 {[%clk 00:42:31]} {[%emt 00:01:11]} 38. Kg1 {[%clk 00:37:34]} {[%emt
00:01:25]} Bc6 {[%clk 00:41:34]} {[%emt 00:01:27]} 39. Rh7 {[%clk 00:37:09]}
{[%emt 00:00:55]} Re1 {[%clk 00:41:27]} {[%emt 00:00:37]} 40. Kf2 {[%clk
00:32:06]} {[%emt 00:05:33]} Rb1 {[%clk 00:40:22]} {[%emt 00:01:35]} 41. Rh4
{[%clk 00:27:31]} {[%emt 00:05:06]} Rb2+ {[%clk 00:38:47]} {[%emt 00:02:05]}
42. Ke3 {[%clk 00:24:39]} {[%emt 00:03:22]} Kg7 {[%clk 00:33:46]} {[%emt
00:05:31]} 43. Rg4 {[%clk 00:23:56]} {[%emt 00:01:13]} Rxa2 {[%clk 00:33:35]}
{[%emt 00:00:41]} 44. h4 {[%clk 00:17:49]} {[%emt 00:06:36]} Rb2 {[%clk
00:31:50]} {[%emt 00:02:13]} 45. Bd3 {[%clk 00:14:48]} {[%emt 00:03:33]} Rxg2
{[%clk 00:31:01]} {[%emt 00:01:19]} 46. Rxg2 {[%clk 00:14:58]} {[%emt
00:00:21]} Bxg2 {[%clk 00:31:24]} {[%emt 00:00:06]} 47. Kf4 {[%clk 00:15:20]}
{[%emt 00:00:09]} Bd5 {[%clk 00:31:06]} {[%emt 00:00:47]} 48. Bc2 {[%clk
00:15:42]} {[%emt 00:00:09]} Kf6 {[%clk 00:30:50]} {[%emt 00:00:44]} 49. Bd1
{[%clk 00:15:56]} {[%emt 00:00:18]} b5 {[%clk 00:30:17]} {[%emt 00:01:02]} 50.
Bc2 {[%clk 00:16:20]} {[%emt 00:00:07]} b4 {[%clk 00:26:36]} {[%emt 00:04:10]}
51. Kg4 {[%clk 00:13:52]} {[%emt 00:02:58]} Be6+ {[%clk 00:25:51]} {[%emt
00:01:15]} 52. Kf4 {[%clk 00:13:59]} {[%emt 00:00:23]} Bf5 {[%clk 00:23:28]}
{[%emt 00:02:52]} 53. Bd1 {[%clk 00:14:17]} {[%emt 00:00:12]} Ke6 {[%clk
00:22:55]} {[%emt 00:01:04]} 54. Kg5 {[%clk 00:09:45]} {[%emt 00:05:01]} Ke5
{[%clk 00:22:24]} {[%emt 00:01:00]} 55. Be2 {[%clk 00:09:29]} {[%emt 00:00:47]}
Bc2 {[%clk 00:18:36]} {[%emt 00:04:18]} 56. Bc4 {[%clk 00:09:53]} {[%emt
00:00:07]} Kd4 {[%clk 00:15:28]} {[%emt 00:03:38]} 57. Bg8 {[%clk 00:09:24]}
{[%emt 00:00:58]} Kc3 {[%clk 00:14:33]} {[%emt 00:01:26]} 58. Bf7 {[%clk
00:08:25]} {[%emt 00:01:29]} Bxb3 {[%clk 00:11:43]} {[%emt 00:03:20]} 59. Bxg6
{[%clk 00:08:39]} {[%emt 00:00:16]} Bc2 {[%clk 00:11:23]} {[%emt 00:00:49]} 60.
Bxc2 {[%clk 00:08:34]} {[%emt 00:00:36]} Kxc2 {[%clk 00:11:49]} {[%emt
00:00:04]} 61. h5 {[%clk 00:09:01]} {[%emt 00:00:03]} b3 {[%clk 00:11:54]}
{[%emt 00:00:25]} 62. h6 {[%clk 00:09:28]} {[%emt 00:00:02]} b2 {[%clk
00:12:17]} {[%emt 00:00:08]} 63. h7 {[%clk 00:09:56]} {[%emt 00:00:02]} b1=Q
{[%clk 00:12:36]} {[%emt 00:00:11]} 64. h8=Q {[%clk 00:10:23]} {[%emt
00:00:03]} Qg1+ {[%clk 00:12:44]} {[%emt 00:00:22]} 65. Kf5 {[%clk 00:10:37]}
{[%emt 00:00:15]} Qf2+ {[%clk 00:12:54]} {[%emt 00:00:20]} 66. Ke4 {[%clk
00:10:50]} {[%emt 00:00:17]} Qe2+ {[%clk 00:12:50]} {[%emt 00:00:33]} 67. Kd4
{[%clk 00:11:05]} {[%emt 00:00:16]} Qd3+ {[%clk 00:12:05]} {[%emt 00:01:15]}
68. Kc5 {[%clk 00:11:25]} {[%emt 00:00:11]} Qa3+ {[%clk 00:09:55]} {[%emt
00:02:40]} 69. Kb5 {[%clk 00:11:24]} {[%emt 00:00:30]} Qb4+ {[%clk 00:08:50]}
{[%emt 00:01:34]} 70. Ka6 {[%clk 00:11:49]} {[%emt 00:00:06]} a4 {[%clk
00:09:03]} {[%emt 00:00:16]} 71. Qh7+ {[%clk 00:11:29]} {[%emt 00:00:51]} Kb3
{[%clk 00:08:57]} {[%emt 00:00:34]} 72. Qd3+ {[%clk 00:11:49]} {[%emt
00:00:12]} Qc3 {[%clk 00:08:20]} {[%emt 00:01:07]} 73. Qb1+ {[%clk 00:11:59]}
{[%emt 00:00:21]} Ka3 {[%clk 00:08:27]} {[%emt 00:00:22]} 74. Qd1 {[%clk
00:11:16]} {[%emt 00:01:11]} Qc6+ {[%clk 00:06:43]} {[%emt 00:02:15]} 75. Ka5
{[%clk 00:11:16]} {[%emt 00:00:32]} Qa8+ {[%clk 00:06:01]} {[%emt 00:01:12]}
76. Kb5 {[%clk 00:11:35]} {[%emt 00:00:11]} Qb7+ {[%clk 00:06:19]} {[%emt
00:00:08]} 77. Ka5 {[%clk 00:11:58]} {[%emt 00:00:10]} Qb4+ {[%clk 00:06:42]}
{[%emt 00:00:08]} 78. Ka6 {[%clk 00:12:23]} {[%emt 00:00:05]} Qc4+ {[%clk
00:06:21]} {[%emt 00:00:50]} 79. Ka5 {[%clk 00:12:39]} {[%emt 00:00:13]} Qc3+
{[%clk 00:06:30]} {[%emt 00:00:22]} 80. Ka6 {[%clk 00:12:58]} {[%emt 00:00:11]}
Qb3 {[%clk 00:06:10]} {[%emt 00:00:50]} 81. Qa1+ {[%clk 00:12:52]} {[%emt
00:00:36]} Kb4 {[%clk 00:06:28]} {[%emt 00:00:13]} 82. Qe1+ {[%clk 00:13:18]}
{[%emt 00:00:04]} Qc3 {[%clk 00:06:43]} {[%emt 00:00:15]} 83. Qe7+ {[%clk
00:12:25]} {[%emt 00:01:22]} Kb3 {[%clk 00:06:52]} {[%emt 00:00:22]} 84. Qb7+
{[%clk 00:12:46]} {[%emt 00:00:09]} Qb4 {[%clk 00:05:51]} {[%emt 00:01:32]} 85.
Qf3+ {[%clk 00:13:05]} {[%emt 00:00:56]} 1/2-1/2